Catálogo
 En Linea

Ley No. 11-92 : (Registro nro. 59708)

Detalles MARC
000 -CABECERA
campo de control de longitud fija 01507nam a2200289 i 4500
003 - IDENTIFICADOR DEL NÚMERO DE CONTROL
campo de control DO-SdBNP
005 - FECHA Y HORA DE LA ÚLTIMA TRANSACCIÓN
campo de control 20250801130409.0
007 - CAMPO FIJO DE DESCRIPCIÓN FÍSICA--INFORMACIÓN GENERAL
campo de control de longitud fija ta
008 - DATOS DE LONGITUD FIJA--INFORMACIÓN GENERAL
campo de control de longitud fija 250314s2001 dr r 000 0 spa d
040 ## - FUENTE DE LA CATALOGACIÓN
Centro catalogador/agencia de origen DO-SdBNP
Lengua de catalogación spa
Centro/agencia transcriptor BNPHU
Normas de descripción rda
041 ## - CÓDIGO DE LENGUA
Código de lengua del texto/banda sonora o título independiente spa
082 #4 - NÚMERO DE LA CLASIFICACIÓN DECIMAL DEWEY
Número de clasificación xxxx
Número de documento/Ítem R426L
Número de edición 22
110 1# - ENTRADA PRINCIPAL--NOMBRE DE ENTIDAD CORPORATIVA
Nombre de entidad corporativa o nombre de jurisdicción como elemento de entrada República Dominicana
9 (RLIN) 447
240 10 - TÍTULO UNIFORME
Título uniforme [Leyes, etc.]
245 10 - MENCIÓN DE TÍTULO
Título Ley No. 11-92 :
Resto del título código tributario de la República Dominicana /
264 #1 - PRODUCCIÓN, PUBLICACIÓN, DISTRIBUCIÓN, FABRICACIÓN Y COPYRIGHT
Producción, publicación, distribución, fabricación y copyright Santo Domingo :
Nombre del de productor, editor, distribuidor, fabricante Congreso Nacional,
Fecha de producción, publicación, distribución, fabricación o copyright 2001.
300 ## - DESCRIPCIÓN FÍSICA
Extensión 194 páginas ;
Dimensiones 23 cm.
336 ## - TIPO DE CONTENIDO
Término de tipo de contenido texto
Código de tipo de contenido txt
Fuente rdacontent
337 ## - TIPO DE MEDIO
Nombre/término del tipo de medio sin mediación
Código del tipo de medio n
Fuente rdamedia
338 ## - TIPO DE SOPORTE
Nombre/término del tipo de soporte rdacarrier
Código del tipo de soporte nc
Fuente rdacarrier
500 ## - NOTA GENERAL
Nota general Los artículos modificados del Código Tributario por la ley de la Reforma Tributaria No. 147-00 de fecha 27 de diciembre del año 2000, han sido corregidos e insertados en esta edición.
500 ## - NOTA GENERAL
Nota general Artículos Modificados: 19, 47, 252, 267, 268, 287, 296, 297 y 298; el literal o) del artículo 299, 306, 309, 314, 316, 335, 339, 341, 343, 344, 345, 346, 350, 355 y 367 en sus literales b) y c), y 375 de la ley No. 11-92, del 16 de mayo de 1992, del Código Tributario de la República Dominicana.
505 ## - NOTA DE CONTENIDO CON FORMATO
Nota de contenido con formato Título 1--
Título Normas generales, procedimientos y sanciones --
Información miscelánea Título 2--
Título Impuesto sobre la renta--
Información miscelánea Título 3--
Título Impuesto sobre transferencia de bienes industrializados y sevicios--
Información miscelánea Título 4--
Título Impuesto selectivo al consumo.
590 ## - NOTA LOCAL (RLIN)
Nota local Inventariado, 2025/ BT
910 ## - DATOS DE OPCIÓN DEL USUARIO (OCLC)
Datos de opción del usuario Btavárez
942 ## - ELEMENTOS DE PUNTO DE ACCESO ADICIONAL (KOHA)
Fuente del sistema de clasificación o colocación Dewey Decimal Classification
Tipo de ítem Koha Libro
Existencias
Estado de retiro Estado de pérdida Fuente del sistema de clasificación o colocación Restricciones de uso No para préstamo Código de colección Localización permanente Ubicación/localización actual Ubicación en estantería Fecha de adquisición Fuente de adquisición Total de préstamos Signatura topográfica completa Código de barras Fecha visto por última vez Precio válido a partir de Tipo de ítem Koha
    Dewey Decimal Classification Excluido de préstamo   Patrimonio Dominicano Biblioteca Nacional Pedro Henríquez Ureña Biblioteca Nacional Pedro Henríquez Ureña En catalogación 01.08.2025 Donado por Librería Delim   BNPHU PD R426L 2025-7682 01.08.2025 01.08.2025 Libro

Con tecnología Koha